[Event "PRO League Group Stage"]
[Site "chess.com INT"]
[Date "2020.01.06"]
[Round "1"]
[White "Sarana, Alexey"]
[Black "Firouzja, Alireza"]
[Result "0-1"]
[WhiteTitle "GM"]
[BlackTitle "GM"]
[WhiteElo "2656"]
[BlackElo "2723"]
[WhiteTeam "California Unicorns"]
[BlackTeam "Canada Chessbrahs"]
[WhiteFideId "24133795"]
[BlackFideId "12573981"]
[EventDate "2020.01.06"]

1. d4 Nf6 2. c4 c5 3. d5 e5 4. Nc3 d6 5. e4 g6 6. Be2 Bg7 7. Bg5 Nbd7 8. Qd2 a6
9. h4 h5 10. Nf3 Qa5 11. O-O Ng4 12. Nh2 f6 13. Nxg4 hxg4 14. Be3 Rxh4 15. g3
Rh8 16. Bxg4 Qc7 17. b3 f5 18. Bf3 f4 19. gxf4 exf4 20. Bxf4 Ne5 21. Bg2 Qf7 22.
Ne2 g5 23. Bg3 Nf3+ 24. Bxf3 Qxf3 25. Bh2 Be5 0-1

[Event "PRO League Group Stage"]
[Site "chess.com INT"]
[Date "2020.01.06"]
[Round "1"]
[White "Saric, Ivan"]
[Black "Zierk, Steven"]
[Result "0-1"]
[WhiteTitle "GM"]
[BlackTitle "GM"]
[WhiteElo "2655"]
[BlackElo "2509"]
[WhiteTeam "Canada Chessbrahs"]
[BlackTeam "California Unicorns"]
[WhiteFideId "14508150"]
[BlackFideId "2034255"]
[EventDate "2020.01.06"]

1. e4 e6 2. d4 d5 3. Nc3 Bb4 4. e5 c5 5. a3 Bxc3+ 6. bxc3 Qa5 7. Bd2 Qa4 8. Qg4
Kf8 9. Nf3 Qxc2 10. Rc1 Qg6 11. Qxg6 hxg6 12. c4 Ne7 13. cxd5 Nxd5 14. Bc4 Nb6
15. Ba2 cxd4 16. Nxd4 Bd7 17. Rc7 Nc6 18. Nf3 Ke8 19. Bg5 Rb8 20. Ke2 Na8 21.
Rxd7 Kxd7 22. h4 b5 23. Rd1+ Kc7 24. Rc1 Kb7 25. Bb1 Nb6 26. Rc5 Na4 27. Rc1 Nb6
28. Rc5 Nd5 29. Be4 Kb6 30. Rc1 Rhc8 31. g4 b4 32. Bxd5 exd5 33. axb4 Nxb4 34.
Be3+ Kb7 35. Rb1 a5 36. Nd4 Ka6 37. f4 Nc2 38. Rd1 Rb2 39. Nxc2 Rcxc2+ 40. Kf3
Rb3 41. Rxd5 Rcc3 42. Rd6+ Kb7 43. Rd7+ Kc8 44. Rxf7 Rxe3+ 45. Kf2 Rf3+ 46. Ke2
Rh3 0-1

[Event "PRO League Group Stage"]
[Site "chess.com INT"]
[Date "2020.01.06"]
[Round "1"]
[White "Pichot, Alan"]
[Black "Jones, Gawain C B"]
[Result "1-0"]
[WhiteTitle "GM"]
[BlackTitle "GM"]
[WhiteElo "2606"]
[BlackElo "2679"]
[WhiteTeam "Argentina Krakens"]
[BlackTeam "U.K. Lions"]
[WhiteFideId "110973"]
[BlackFideId "409561"]
[EventDate "2020.01.06"]

1. e4 c5 2. Nf3 d6 3. d4 cxd4 4. Nxd4 Nf6 5. Nc3 g6 6. Be3 Bg7 7. f3 Nc6 8. Qd2
O-O 9. O-O-O d5 10. exd5 Nxd5 11. Nxc6 bxc6 12. Bd4 Nxc3 13. Qxc3 Bh6+ 14. Be3
Bxe3+ 15. Qxe3 Qb6 16. Qxb6 axb6 17. a3 Be6 18. Bd3 Ra4 19. Rhe1 b5 20. Re5 Rb8
21. Rc5 Bd5 22. Bxb5 Ra5 23. Bxc6 Rxc5 24. Bxd5 Kg7 25. b4 Rc7 26. Bb3 f5 27. c4
Kf6 28. Kc2 g5 29. Kc3 h5 30. a4 g4 31. b5 gxf3 32. gxf3 Ke5 33. Kb4 Kf4 34. c5
Kxf3 35. b6 f4 36. Be6 Ke2 37. Rd8 Rcb7 38. Rxb8 Rxb8 39. a5 f3 40. a6 f2 41.
Bc4+ Ke1 42. a7 Rf8 43. b7 Rf4 44. a8=Q Rxc4+ 45. Kxc4 f1=Q+ 46. Kb4 Qf4+ 47.
Kb5 Qf1+ 48. Ka5 Qc4 49. b8=Q Qxc5+ 50. Ka6 Qa3+ 51. Kb7 Qb4+ 52. Kc8 Qg4+ 53.
Kd8 Qd4+ 54. Ke8 Qh8+ 55. Kd7 Qd4+ 56. Ke6 Qf6+ 57. Kd5 Qf3+ 58. Kc5 Qc3+ 59.
Kb6 Qb4+ 60. Kc7 Qf4+ 61. Kd8 Qd4+ 62. Kxe7 Qg7+ 63. Ke6 Qg6+ 64. Ke5 Qg7+ 65.
Ke4 Qg6+ 66. Ke3 Qg1+ 67. Kd3 Qf1+ 68. Kc3 Qf6+ 69. Kc4 Qf1+ 70. Kc5 Qf2+ 71.
Kd5 Qf5+ 72. Qe5+ Qe4+ 73. Qxe4+ 1-0

[Event "PRO League Group Stage"]
[Site "chess.com INT"]
[Date "2020.01.06"]
[Round "1"]
[White "Flores, Diego"]
[Black "McShane, Luke J"]
[Result "1-0"]
[WhiteTitle "GM"]
[BlackTitle "GM"]
[WhiteElo "2599"]
[BlackElo "2677"]
[WhiteTeam "Argentina Krakens"]
[BlackTeam "U.K. Lions"]
[WhiteFideId "108049"]
[BlackFideId "404853"]
[EventDate "2020.01.06"]

1. Nf3 c5 2. c4 e6 3. g3 b6 4. Bg2 Bb7 5. O-O Nf6 6. Nc3 Be7 7. Re1 d6 8. e4 a6
9. d4 cxd4 10. Nxd4 Qc7 11. Be3 O-O 12. Rc1 Re8 13. f4 Nbd7 14. Bf2 h5 15. h3
Rac8 16. e5 dxe5 17. fxe5 Nh7 18. Bxb7 Qxb7 19. Qxh5 Rxc4 20. Nxe6 g6 21. Qh6
Bf8 22. Nxf8 Nhxf8 23. b3 Rcc8 24. Ne4 Rxc1 25. Qxc1 Rxe5 26. Nf6+ Kg7 27. Ne8+
Kg8 28. Qh6 Rxe8 29. Rxe8 Qd5 30. Qf4 Qd1+ 31. Re1 Qc2 32. Qd6 Qxa2 33. Qd5 Nf6
34. Qf3 N6h7 35. h4 Ne6 36. Bxb6 Qd2 37. Bf2 Qd8 38. Qc6 Nf6 39. Kg2 Kg7 40. Qc3
Kh7 41. Qf3 Kg8 42. Rd1 Qe7 43. Be1 Ne8 44. Bc3 Nd6 45. Bb4 1-0

[Event "PRO League Group Stage"]
[Site "chess.com INT"]
[Date "2020.01.06"]
[Round "1"]
[White "Speelman, Jon S"]
[Black "Bitelmajer, Martin"]
[Result "1/2-1/2"]
[WhiteTitle "GM"]
[BlackTitle "IM"]
[WhiteElo "2509"]
[BlackElo "2475"]
[WhiteTeam "U.K. Lions"]
[BlackTeam "Argentina Krakens"]
[WhiteFideId "400033"]
[BlackFideId "111651"]
[EventDate "2020.01.06"]

1. Nf3 c5 2. c4 g6 3. e3 Nf6 4. b3 Bg7 5. Bb2 O-O 6. Be2 b6 7. O-O Bb7 8. d4
cxd4 9. Nxd4 Nc6 10. Bf3 Rc8 11. Nc3 Qc7 12. Nd5 Nxd5 13. Bxd5 Nxd4 14. Bxd4
Bxd5 15. cxd5 Qc2 16. Bxg7 Kxg7 17. Qd4+ Kg8 18. h4 Rc5 19. Rfd1 Qf5 20. Rd2
Rfc8 21. Rad1 d6 22. g3 Qf3 23. Qf4 Qxf4 24. gxf4 Kg7 25. Kg2 Kf6 26. Kf3 Rc3
27. Rd4 R8c5 28. Ra4 a5 29. Rd2 Rc2 30. Rad4 b5 31. R4d3 b4 32. Rd4 R5c3 33. Kg4
Rc1 34. Kg3 Rg1+ 35. Kf3 Rh1 36. Kg3 Rcc1 37. a3 bxa3 38. Ra4 Rc3 39. Rxa3 Rb1
40. Rda2 Rcxb3 41. Rxb3 Rxb3 42. Rxa5 Rd3 43. Kf3 Rd1 44. Kg2 Kf5 45. Ra7 Kf6
46. Ra5 Kf5 47. Ra7 Kf6 48. Ra5 1/2-1/2

[Event "PRO League Group Stage"]
[Site "chess.com INT"]
[Date "2020.01.06"]
[Round "1"]
[White "Berchtenbreiter, Maximilian"]
[Black "Perez Ponsa, Federico"]
[Result "0-1"]
[WhiteTitle "IM"]
[BlackTitle "GM"]
[WhiteElo "2488"]
[BlackElo "2559"]
[WhiteTeam "U.K. Lions"]
[BlackTeam "Argentina Krakens"]
[WhiteFideId "24641120"]
[BlackFideId "117927"]
[EventDate "2020.01.06"]

1. e4 c5 2. Nf3 d6 3. d4 cxd4 4. Nxd4 Nf6 5. Nc3 a6 6. Bg5 e6 7. Qe2 h6 8. Bh4
Be7 9. Bg3 e5 10. Nf5 Bxf5 11. exf5 Nbd7 12. f4 Rc8 13. Qd2 O-O 14. Bd3 Qb6 15.
O-O-O exf4 16. Bxf4 d5 17. a3 d4 18. Ne4 Nxe4 19. Bxe4 Nc5 20. Bd5 Rfd8 21. Ba2
Na4 22. b4 d3 23. Bb3 Qd4 24. Qe3 Qb2+ 25. Kd2 Qc3+ 26. Kc1 d2+ 0-1

[Event "PRO League Group Stage"]
[Site "chess.com INT"]
[Date "2020.01.06"]
[Round "1"]
[White "Mekhitarian, Krikor Sevag"]
[Black "Robson, Ray"]
[Result "0-1"]
[WhiteTitle "GM"]
[BlackTitle "GM"]
[WhiteElo "2563"]
[BlackElo "2673"]
[WhiteTeam "Brazil Capybaras"]
[BlackTeam "Chicago Wind"]
[WhiteFideId "2107660"]
[BlackFideId "2023970"]
[EventDate "2020.01.06"]

1. Nf3 d5 2. c4 c6 3. e3 Nf6 4. Nc3 e6 5. b3 Bd6 6. Bb2 O-O 7. d4 Nbd7 8. Be2 b6
9. O-O Bb7 10. Rc1 Qe7 11. Qc2 Rac8 12. e4 Nxe4 13. Nxe4 dxe4 14. Qxe4 Nf6 15.
Qh4 c5 16. dxc5 Bxc5 17. Bd3 h6 18. Ne5 Rfd8 19. Rfe1 Ba3 20. Bxa3 Qxa3 21. Rc2
Qc5 22. Qg3 Rd4 23. Rce2 Nh5 24. Qe3 Nf4 25. b4 Nxe2+ 26. Rxe2 Qd6 27. Bc2 Rd8
28. h3 Rd2 29. Qf4 f6 30. Rxd2 Qxd2 31. Qg4 Qe1+ 0-1

[Event "PRO League Group Stage"]
[Site "chess.com INT"]
[Date "2020.01.06"]
[Round "1"]
[White "Supi, Luis Paulo"]
[Black "Nyzhnyk, Illya"]
[Result "1/2-1/2"]
[WhiteTitle "GM"]
[BlackTitle "GM"]
[WhiteElo "2577"]
[BlackElo "2662"]
[WhiteTeam "Brazil Capybaras"]
[BlackTeam "Chicago Wind"]
[WhiteFideId "2106388"]
[BlackFideId "14118084"]
[EventDate "2020.01.06"]

1. c4 Nf6 2. g3 c6 3. Nf3 g6 4. b3 Bg7 5. Bb2 O-O 6. Bg2 d6 7. O-O e5 8. d3 Nbd7
9. Qc2 Re8 10. Nbd2 Qc7 11. b4 Nf8 12. Rac1 h6 13. Rfe1 a5 14. a3 axb4 15. axb4
Bf5 16. e4 Bg4 17. d4 Bxf3 18. Nxf3 N6d7 19. Rcd1 Ne6 20. dxe5 Nxe5 21. Qb3
Nxf3+ 22. Bxf3 c5 23. Bxg7 Kxg7 24. bxc5 dxc5 25. e5 Re7 26. Bd5 Nd4 27. Qb2
Rae8 28. f4 Kh7 29. Rb1 f6 30. e6 Kg7 31. Qb6 Qxb6 32. Rxb6 f5 33. Reb1 Nxe6 34.
Bxe6 Rxe6 35. Rxe6 Rxe6 36. Rxb7+ Kf6 37. Rc7 Re2 38. Rc6+ Kg7 39. Rxc5 Rc2 40.
Rc7+ Kf6 41. Rc6+ Kg7 42. c5 g5 43. fxg5 hxg5 44. h4 gxh4 45. gxh4 f4 46. h5 Kh7
47. Kf1 Rh2 48. Rc7+ Kh6 49. Rc8 Rc2 50. c6 Kh7 51. Ke1 f3 52. Kf1 Kg7 53. c7
Kh7 54. h6 f2 55. Kg2 f1=Q+ 56. Kxf1 Rc6 57. Ke2 Rc5 58. Kd3 Rc6 59. Kd4 Rc1 60.
Kd5 Rd1+ 61. Ke6 Re1+ 62. Kd6 Rd1+ 63. Ke5 Re1+ 64. Kd6 Rd1+ 65. Ke5 Re1+ 66.
Kd6 1/2-1/2

[Event "PRO League Group Stage"]
[Site "chess.com INT"]
[Date "2020.01.06"]
[Round "1"]
[White "Bruzon Batista, Lazaro"]
[Black "Fier, Alexandr"]
[Result "1/2-1/2"]
[WhiteTitle "GM"]
[BlackTitle "GM"]
[WhiteElo "2640"]
[BlackElo "2528"]
[WhiteTeam "Chicago Wind"]
[BlackTeam "Brazil Capybaras"]
[WhiteFideId "3503739"]
[BlackFideId "2107139"]
[EventDate "2020.01.06"]

1. d4 Nf6 2. Nf3 g6 3. Bg5 Bg7 4. Nbd2 d5 5. e3 O-O 6. Be2 b6 7. O-O Bb7 8. c3
c5 9. b4 Nbd7 10. Bh4 a6 11. a4 c4 12. b5 a5 13. h3 Rc8 14. Qc2 e6 15. Ne5 Qe8
16. Bg3 Nxe5 17. Bxe5 Qe7 18. Rae1 Ne4 19. Bxg7 Kxg7 1/2-1/2

[Event "PRO League Group Stage"]
[Site "chess.com INT"]
[Date "2020.01.06"]
[Round "1"]
[White "Jones, Gawain C B"]
[Black "Flores, Diego"]
[Result "1-0"]
[WhiteTitle "GM"]
[BlackTitle "GM"]
[WhiteElo "2679"]
[BlackElo "2599"]
[WhiteTeam "U.K. Lions"]
[BlackTeam "Argentina Krakens"]
[WhiteFideId "409561"]
[BlackFideId "108049"]
[EventDate "2020.01.06"]

1. e4 c5 2. d3 Nc6 3. f4 d5 4. Nf3 g6 5. Be2 Bg7 6. O-O e6 7. a4 Nge7 8. c3 b6
9. Na3 Bb7 10. Qe1 O-O 11. Kh1 Qd7 12. Be3 Rad8 13. Qh4 f5 14. e5 d4 15. Bd2 Nd5
16. Nc4 h6 17. Qg3 Kh7 18. Nd6 Ba8 19. Nh4 Nde7 20. c4 a5 21. Nf3 Nb4 22. Bxb4
axb4 23. a5 Qc7 24. Nb5 Qb8 25. Qh4 Bxf3 26. Rxf3 g5 27. fxg5 Ng6 28. Qh5 Qxe5
29. gxh6 Bf6 30. Rf2 bxa5 31. Qf3 Ra8 32. g4 Bh4 33. Qb7+ Kxh6 34. g5+ Bxg5 35.
Rg1 Be3 36. Rxg6+ Kxg6 37. Rg2+ Kh6 38. Qf3 Kh7 39. Qh5+ 1-0

[Event "PRO League Group Stage"]
[Site "chess.com INT"]
[Date "2020.01.06"]
[Round "1"]
[White "McShane, Luke J"]
[Black "Pichot, Alan"]
[Result "0-1"]
[WhiteTitle "GM"]
[BlackTitle "GM"]
[WhiteElo "2677"]
[BlackElo "2606"]
[WhiteTeam "U.K. Lions"]
[BlackTeam "Argentina Krakens"]
[WhiteFideId "404853"]
[BlackFideId "110973"]
[EventDate "2020.01.06"]

1. c4 c5 2. Nc3 Nf6 3. e3 g6 4. g4 h6 5. Bg2 Bg7 6. h4 d6 7. g5 hxg5 8. hxg5
Rxh1 9. Bxh1 Nh7 10. f4 Nc6 11. b3 e5 12. Bxc6+ bxc6 13. Qf3 exf4 14. exf4 Bf5
15. Bb2 Qd7 16. O-O-O O-O-O 17. Nge2 Nf8 18. Rg1 Ne6 19. Na4 Bxb2+ 20. Kxb2 d5
21. cxd5 Qxd5 22. Qxd5 Rxd5 23. Kc1 Rd3 24. Rf1 Rh3 25. Nb2 Kc7 26. Nc4 Bd3 27.
Rf2 Rh4 28. Ne5 Bxe2 29. Rxe2 Rxf4 30. Nxf7 Kd7 31. Ne5+ Kd6 32. Nxc6 Rf1+ 33.
Kc2 Nf4 0-1

[Event "PRO League Group Stage"]
[Site "chess.com INT"]
[Date "2020.01.06"]
[Round "1"]
[White "Perez Ponsa, Federico"]
[Black "Speelman, Jon S"]
[Result "1/2-1/2"]
[WhiteTitle "GM"]
[BlackTitle "GM"]
[WhiteElo "2559"]
[BlackElo "2509"]
[WhiteTeam "Argentina Krakens"]
[BlackTeam "U.K. Lions"]
[WhiteFideId "117927"]
[BlackFideId "400033"]
[EventDate "2020.01.06"]

1. d4 Nf6 2. Nf3 e6 3. Bf4 b6 4. e3 Bb7 5. Nbd2 Be7 6. h3 O-O 7. Bd3 c5 8. O-O
d5 9. c3 Nc6 10. Qe2 Bd6 11. Rad1 cxd4 12. cxd4 Nb4 13. a3 Nxd3 14. Qxd3 a5 15.
Rfe1 Ba6 16. Qb1 Rc8 17. Ne5 Bxe5 18. Bxe5 Qe7 19. Rc1 Rfd8 20. Rxc8 Rxc8 21.
Rc1 Ne8 22. Rxc8 Bxc8 23. Qc2 Qd7 24. Nb1 f6 25. Bg3 Bb7 26. Nc3 Bc6 27. b4 axb4
28. axb4 Kf7 29. Qxh7 Qa7 30. Ne2 Qa3 31. Qb1 Ba4 32. Nf4 Qb3 33. Qg6+ Ke7 34.
Nh5 Qc2 35. Qxc2 Bxc2 36. Bb8 Kd7 37. Kf1 g5 38. g4 Kc6 39. Ke1 Be4 40. Kd2 Kb5
41. Kc3 Bg2 42. f4 Bxh3 43. fxg5 fxg5 44. Be5 Bxg4 45. Nf6 Nxf6 46. Bxf6 1/2-1/2

[Event "PRO League Group Stage"]
[Site "chess.com INT"]
[Date "2020.01.06"]
[Round "1"]
[White "Bitelmajer, Martin"]
[Black "Berchtenbreiter, Maximilian"]
[Result "1-0"]
[WhiteTitle "IM"]
[BlackTitle "IM"]
[WhiteElo "2475"]
[BlackElo "2488"]
[WhiteTeam "Argentina Krakens"]
[BlackTeam "U.K. Lions"]
[WhiteFideId "111651"]
[BlackFideId "24641120"]
[EventDate "2020.01.06"]

1. d4 Nf6 2. c4 a6 3. Nf3 c5 4. d5 e6 5. Nc3 exd5 6. cxd5 b5 7. Bg5 d6 8. a3 Be7
9. e4 Ra7 10. Be2 Bg4 11. O-O O-O 12. b4 Bxf3 13. Bxf3 Nbd7 14. Be3 Rc7 15. Rc1
Qc8 16. bxc5 Nxc5 17. Bd4 Qd8 18. e5 dxe5 19. Bxe5 Bd6 20. Bd4 Re8 21. g3 Rc8
22. Kg2 g6 23. Na2 a5 24. Rb1 Rb8 25. Re1 Rxe1 26. Qxe1 Bf8 27. Be5 Rb6 28. Qxa5
Nd3 29. Bd4 Bc5 30. Bxc5 Nxc5 31. Rxb5 Ncd7 32. Nb4 g5 33. h3 h5 34. d6 g4 35.
Rg5+ Kf8 36. hxg4 hxg4 37. Bxg4 Ne4 38. Rh5 Kg7 39. Bxd7 Qf6 40. Rf5 Qxd6 41.
Qd5 Qe7 42. Re5 1-0

[Event "PRO League Group Stage"]
[Site "chess.com INT"]
[Date "2020.01.06"]
[Round "1"]
[White "Robson, Ray"]
[Black "Supi, Luis Paulo"]
[Result "1-0"]
[WhiteTitle "GM"]
[BlackTitle "GM"]
[WhiteElo "2673"]
[BlackElo "2577"]
[WhiteTeam "Chicago Wind"]
[BlackTeam "Brazil Capybaras"]
[WhiteFideId "2023970"]
[BlackFideId "2106388"]
[EventDate "2020.01.06"]

1. e4 c5 2. Nf3 d6 3. d4 cxd4 4. Nxd4 Nf6 5. Nc3 a6 6. Be3 e5 7. Nb3 Be6 8. f3
h5 9. Qd2 Nbd7 10. Nd5 Bxd5 11. exd5 g6 12. O-O-O Bg7 13. Kb1 Qc7 14. Be2 a5 15.
a4 O-O 16. g4 Nb6 17. Bxb6 Qxb6 18. g5 Ne8 19. Rhf1 Nc7 20. f4 exf4 21. Rxf4 Be5
22. Re4 Rfe8 23. Rf1 Qa7 24. Bxh5 gxh5 25. Qe2 Re7 26. Qxh5 Rae8 27. g6 fxg6 28.
Qxg6+ Rg7 29. Qh5 Rf8 30. Rxf8+ Kxf8 31. Qf5+ Ke7 32. Rxe5+ dxe5 33. Qxe5+ Kf8
34. Qf6+ Rf7 35. Qh8+ Ke7 36. Nd4 Qc5 37. Qe5+ Kd7 38. b3 Qxd5 39. Qe3 Ne6 40.
Nb5 Qc5 41. Qd3+ Ke7 42. Ka2 Qe5 43. Qd1 Rf2 44. Qd3 Re2 45. Nc3 Re1 46. Qh7+
Qg7 47. Qh4+ Qf6 48. Qxe1 Kf7 49. Qd2 Qe5 50. Qd3 Qxh2 51. Qf5+ Ke7 52. Kb2 Qd6
53. Qxa5 Qd4 54. Qb4+ Qxb4 55. Nd5+ Kd6 56. Nxb4 b5 57. axb5 Kc5 58. Nd3+ Kxb5
59. c4+ Ka5 60. Kc3 Nc7 61. b4+ Kb6 62. Nc5 Kc6 63. Nb3 Kb6 64. c5+ Kb5 65. Nd4+
Ka4 66. Kc4 Nb5 67. c6 Nd6+ 68. Kd5 Nc8 69. Kc5 Na7 70. b5 Nc8 71. b6 Ka5 72. b7 1-0

[Event "PRO League Group Stage"]
[Site "chess.com INT"]
[Date "2020.01.06"]
[Round "1"]
[White "Nyzhnyk, Illya"]
[Black "Mekhitarian, Krikor Sevag"]
[Result "1-0"]
[WhiteTitle "GM"]
[BlackTitle "GM"]
[WhiteElo "2662"]
[BlackElo "2563"]
[WhiteTeam "Chicago Wind"]
[BlackTeam "Brazil Capybaras"]
[WhiteFideId "14118084"]
[BlackFideId "2107660"]
[EventDate "2020.01.06"]

1. d4 Nf6 2. c4 e6 3. Nc3 Bb4 4. Qc2 d5 5. cxd5 exd5 6. Nf3 O-O 7. Bg5 h6 8.
Bxf6 Qxf6 9. a3 Bxc3+ 10. Qxc3 c6 11. e3 Bf5 12. Be2 Nd7 13. O-O Bg4 14. b4 Nb6
15. h3 Bxf3 16. Bxf3 a6 17. a4 Rfc8 18. Bg4 Re8 19. b5 axb5 20. axb5 cxb5 21.
Qb4 Qc6 22. Rab1 Nc4 23. Qxb5 Re7 24. Rfc1 Rc7 25. Be2 Qe6 26. Bf3 Rd8 27. Ra1
g6 28. Qb4 Qd6 29. Qxd6 Rxd6 30. Ra5 Nxa5 31. Rxc7 b6 32. Kf1 Kg7 33. Ke2 Nc6
34. Kd2 Nd8 35. Bg4 h5 36. Bd7 Kf6 37. h4 Ke7 38. Ba4+ Kf6 39. Kc3 Ne6 40. Rb7
Nd8 41. Ra7 Nc6 42. Rc7 Ne7 43. Kb4 Nf5 44. g3 Nh6 45. Bd1 Ng4 46. Bxg4 hxg4 47.
Kb5 Ke6 48. Rb7 f6 49. Rg7 Kf5 50. Re7 Re6 51. Rxe6 Kxe6 52. Kc6 b5 53. e4 dxe4
54. d5+ Ke5 55. d6 b4 56. d7 b3 57. d8=Q 1-0

[Event "PRO League Group Stage"]
[Site "chess.com INT"]
[Date "2020.01.06"]
[Round "1"]
[White "Diamant, Andre"]
[Black "Bruzon Batista, Lazaro"]
[Result "1/2-1/2"]
[WhiteTitle "GM"]
[BlackTitle "GM"]
[WhiteElo "2547"]
[BlackElo "2640"]
[WhiteTeam "Brazil Capybaras"]
[BlackTeam "Chicago Wind"]
[WhiteFideId "2108356"]
[BlackFideId "3503739"]
[EventDate "2020.01.06"]

1. c4 e6 2. g3 d5 3. Bg2 Nf6 4. Nf3 Be7 5. O-O O-O 6. d4 Nbd7 7. Qc2 c6 8. b3 b6
9. Nc3 Ba6 10. Nd2 b5 11. e4 bxc4 12. bxc4 Nb6 13. e5 Ne8 14. Rd1 Nxc4 15. Bf1
Nc7 16. Nxc4 Bxc4 17. Bxc4 dxc4 18. Qa4 Nd5 19. Qxc4 Nxc3 20. Qxc3 Qd5 21. Be3
Rab8 22. Rdc1 Rfc8 23. Rab1 Rb6 24. a4 h5 25. h4 Rcb8 26. Rxb6 Rxb6 27. a5 Bb4
28. axb6 Bxc3 29. bxa7 Qa5 30. Rxc3 Qxa7 31. Rxc6 Qa1+ 32. Rc1 Qa2 33. Rc7 Qb1+
34. Kh2 Qe4 35. Rd7 Qf3 36. Rd8+ Kh7 37. Rf8 Kg6 38. Rg8 Kh7 39. Rf8 f6 40. exf6
gxf6 41. Re8 Qc6 42. Rd8 Kg6 43. Rb8 Kf5 44. Rf8 Qd6 45. Rf7 Kg6 46. Ra7 Qd5 47.
Rc7 Qf3 48. Rc5 Kf7 49. Rc7+ Kg6 50. Rc5 Qe4 51. Kg1 Qf3 52. Kh2 1/2-1/2

[Event "PRO League Group Stage"]
[Site "chess.com INT"]
[Date "2020.01.06"]
[Round "1"]
[White "Fier, Alexandr"]
[Black "Shimanov, Aleksandr"]
[Result "1/2-1/2"]
[WhiteTitle "GM"]
[BlackTitle "GM"]
[WhiteElo "2528"]
[BlackElo "2587"]
[WhiteTeam "Brazil Capybaras"]
[BlackTeam "Chicago Wind"]
[WhiteFideId "2107139"]
[BlackFideId "4198603"]
[EventDate "2020.01.06"]

1. Nf3 d5 2. c4 e6 3. g3 Nf6 4. b3 Be7 5. Bg2 O-O 6. O-O c5 7. Bb2 b6 8. e3 Bb7
9. Nc3 Nbd7 10. Qe2 dxc4 11. bxc4 Ne4 12. Rfd1 Nxc3 13. Bxc3 Bf6 14. d4 cxd4 15.
exd4 Qc7 16. Rac1 Rfe8 17. Bb2 Rac8 18. Qd2 Qb8 19. d5 Bxb2 20. Qxb2 Nc5 21. Nd4
e5 22. Nb5 e4 23. Qd4 Ba6 24. Rc3 Bxb5 25. cxb5 Qd6 26. Re3 f5 27. f3 exf3 28.
Bxf3 Rxe3 29. Qxe3 Rf8 30. Qf4 Qxf4 31. gxf4 Kf7 32. d6 Rd8 33. Bc6 Ke6 34. d7
Nxd7 35. Rd3 Ke7 36. Ra3 Nc5 37. Rxa7+ Kf6 38. a4 Rb8 39. Kg2 h6 40. Kg3 g5 41.
h4 Rd8 42. hxg5+ hxg5 43. fxg5+ Kxg5 44. a5 bxa5 45. Rxa5 Rd3+ 46. Kg2 Rd2+ 47.
Kf1 Rb2 48. b6 Ne6 49. Bd5 Rxb6 50. Bxe6 Rxe6 51. Kf2 Kf4 52. Ra4+ Re4 53. Ra3
Rc4 54. Kf1 Kg4 55. Rb3 Rc2 56. Ra3 f4 57. Rb3 Rc6 58. Ra3 Rh6 59. Rb3 Rh2 60.
Ra3 Rh3 61. Rxh3 Kxh3 62. Kf2 Kg4 63. Kg2 f3+ 64. Kf2 Kf4 65. Kf1 Kg3 66. Kg1
f2+ 67. Kf1 Kf3 1/2-1/2

[Event "PRO League Group Stage"]
[Site "chess.com INT"]
[Date "2020.01.06"]
[Round "1"]
[White "Firouzja, Alireza"]
[Black "Naroditsky, Daniel"]
[Result "1-0"]
[WhiteTitle "GM"]
[BlackTitle "GM"]
[WhiteElo "2723"]
[BlackElo "2621"]
[WhiteTeam "Canada Chessbrahs"]
[BlackTeam "California Unicorns"]
[WhiteFideId "12573981"]
[BlackFideId "2026961"]
[EventDate "2020.01.06"]

1. Nf3 d5 2. g3 g6 3. Bg2 Bg7 4. d4 Nd7 5. O-O Ngf6 6. Ne5 Nxe5 7. dxe5 Ng4 8.
c4 c6 9. cxd5 cxd5 10. Qxd5 Qxd5 11. Bxd5 Nxe5 12. Nc3 O-O 13. Bf4 Nc6 14. Rfd1
Bf5 15. f3 Rfd8 16. Kf2 Rac8 17. Rac1 Bd4+ 18. Be3 Bxe3+ 19. Kxe3 Kf8 20. Bxc6
Rxd1 21. Nxd1 bxc6 22. Rc5 Ke8 23. Nc3 Kd7 24. Ra5 Rc7 25. Kd4 Kd6 26. b4 Rd7
27. g4 Be6 28. Ke3 Rb7 29. a3 Bd5 30. f4 f5 31. gxf5 gxf5 32. Kd4 e6 33. Ra6 Kc7
34. Kc5 Bh1 35. b5 cxb5 36. Nxb5+ Kb8 37. Rxe6 Rd7 38. Re8+ Kb7 39. Nd6+ Ka6 40.
Re5 Rc7+ 41. Kb4 Rc6 42. Nxf5 Rb6+ 43. Kc4 Rb1 44. Nd4 Rc1+ 45. Kb4 Rb1+ 46. Kc3
Rc1+ 47. Kb4 Rb1+ 48. Nb3 Kb6 49. Re6+ Kc7 50. e4 Kd7 51. f5 Rb2 52. Kc3 Rxh2
53. Nc5+ Kd8 54. f6 Rf2 55. e5 h5 56. Re7 h4 57. Ne6+ Kc8 58. Rh7 Bd5 59. Nd4
Rf4 60. e6 Rxf6 61. Rh8+ Kc7 62. e7 Bf7 63. Rf8 h3 64. e8=Q Bxe8 65. Rxf6 Bd7
66. Rh6 1-0

[Event "PRO League Group Stage"]
[Site "chess.com INT"]
[Date "2020.01.06"]
[Round "1"]
[White "Smirnov, Anton"]
[Black "Saric, Ivan"]
[Result "1-0"]
[WhiteTitle "GM"]
[BlackTitle "GM"]
[WhiteElo "2604"]
[BlackElo "2655"]
[WhiteTeam "California Unicorns"]
[BlackTeam "Canada Chessbrahs"]
[WhiteFideId "3208923"]
[BlackFideId "14508150"]
[EventDate "2020.01.06"]

1. e4 c5 2. Nf3 Nc6 3. d4 cxd4 4. Nxd4 Nf6 5. Nc3 e5 6. Ndb5 d6 7. Bg5 a6 8. Na3
b5 9. Nd5 Be7 10. Bxf6 Bxf6 11. c4 b4 12. Nc2 O-O 13. h4 a5 14. g3 Be6 15. Bg2
Rc8 16. O-O Bxd5 17. cxd5 Nd4 18. Nxd4 exd4 19. Qd3 Qc7 20. Rfb1 Qc2 21. Bf1 a4
22. Be2 Rfe8 23. Kf1 g6 24. Qxc2 Rxc2 25. Bd1 d3 26. b3 a3 27. Bxc2 dxc2 28. Re1
Bxa1 29. Rxa1 Rxe4 30. Rc1 Kg7 31. Rxc2 Kf6 32. f3 Rd4 33. Ke2 Rxd5 34. Rc4 Rc5
35. Kd3 Rd5+ 36. Rd4 Rc5 37. Rxb4 Rc1 38. Ra4 Rf1 39. Ke2 Rg1 40. Rxa3 Rxg3 41.
b4 Rg2+ 42. Kd3 g5 43. hxg5+ Kxg5 44. Ra8 Kf4 45. a4 h5 46. Rh8 Ra2 47. a5 Kg5
48. Kc4 h4 49. Kb5 d5 50. Kb6 d4 51. a6 d3 52. a7 d2 53. Rd8 h3 54. Rxd2 Rxd2
55. a8=Q h2 56. Qg8+ Kf4 57. Qg4+ Ke3 58. Qh3 1-0